00977nam a2200241Ia 4500001000600000003000900006008004100015040001300056040001300069041001300082100002000095100002900115245004000144245002900184250001100213260001100224260001300235260004900248300005900297500032600356650002200682650003100704A9216IT-RoPAU130308s9999 xx 000 0 und d aIT-RoPAU cIT-RoPAU aITALIANO aCapriolo Ettore gCodice Aut. SPICS: 8468 aCinema americano e il new deal (Il) bStoria del Cinema (La)-2 a1a ed. aMILANO bVallardi c1966 [1° Ed.:1966 - Ed.Ling.Originale:1966] a"28 p. (prefazione: no ; testo: 28 [pagine: 141-168])" a29 Ottobre 1929 Segno' Il crollo di Wall Street. insieme Ai titoli Azionari Frano' Il Quel Giorno Anche L'Illusione che la Prosperità fosse All'Angolo della strada e si Affermo' la Convinzione di Dover cominciare tutto da Capo. Come si Comporto' Il Cinematografo in Quell'Occasione? indice dei Filmsociali del New Deal. aSTORIA DEL CINEMA eCodice materia Spics: 6808